[Event "Challenge"]
[Site "http://www.queenalice.com/game.php?id=5370"]
[Date "2005.2.15"]
[Round "-"]
[White "Csar"]
[Black "Fischead"]
[Result "0-1"]
[WhiteElo "1024"]
[BlackElo "1740"]

1. d4 c6 2. Bf4 d5 3. Bxb8 Rxb8 4. e4 dxe4 5. Nc3 Bf5 6. Bc4 Nf6 7. h3 e6 8. Qe2
Bb4 9. O-O-O Bxc3 10. bxc3 Qa5 11. d5 exd5 12. Bb3 Qxc3 13. f3 e3 14. g4 Qa1#
0-1

[Event "Challenge"]
[Site "http://www.queenalice.com/game.php?id=5374"]
[Date "2005.2.15"]
[Round "-"]
[White "Csar"]
[Black "Fischead"]
[Result "0-1"]
[WhiteElo "1024"]
[BlackElo "1740"]

1. f4 b5 2. e3 Bb7 3. b4 e5 4. fxe5 Qh4+ 5. g3 Qe4 6. Nf3 Qxf3 7. Qxf3 Bxf3 8.
Rg1 a6 9. Be2 Bxe2 10. Kxe2 Bxb4 11. Bb2 c5 12. c3 Ba5 13. Ba3 Bb6 14. d4 cxd4
15. exd4 Nc6 16. Bc5 Bxc5 17. dxc5 Nge7 0-1

[Event "Challenge"]
[Site "http://www.queenalice.com/game.php?id=6477"]
[Date "2005.3.8"]
[Round "-"]
[White "PetterFrank"]
[Black "Fischead"]
[Result "0-1"]
[WhiteElo "1013"]
[BlackElo "1740"]

1. e4 c6 2. d3 d5 3. c4 dxe4 4. Bd2 exd3 5. Bxd3 Qxd3 6. Nc3 Nf6 7. Rc1 Bg4 8.
f3 Bf5 9. Nge2 e6 10. h3 Bc5 11. Rf1 O-O 12. Nf4 Qd8 13. Qb3 e5 14. Nfe2 Na6 15.
Qxb7 Nb4 16. a3 Rb8 17. Qxb4 Rxb4 18. Nd1 Rb3 19. a4 e4 20. fxe4 Nxe4 21. Rxf5
Qxd2+ 22. Kf1 Ng3+ 23. Nxg3 Rxg3 24. Rxc5 Qxg2+ 25. Ke1 Re8+ 26. Ne3 Rexe3+ 27.
Kd1 Qe2# 0-1

[Event "AUTO-ADV-29"]
[Site "http://www.queenalice.com/game.php?id=7133"]
[Date "2005.3.18"]
[Round "1"]
[White "catalan"]
[Black "Fischead"]
[Result "0-1"]
[WhiteElo "1517"]
[BlackElo "1776"]

1. e4 c6 2. Nf3 d5 3. e5 Bg4 4. Be2 d4 5. d3 Bxf3 6. gxf3 Qd5 7. Bf4 e6 8. Nd2
Bb4 9. a3 Ba5 10. b4 Bc7 11. Ne4 Nd7 12. Nd6+ Bxd6 13. exd6 e5 14. Bg5 f6 15.
Bh4 Nh6 16. Qd2 Nf7 17. Rg1 g5 18. Bg3 Nxd6 19. h4 h6 20. hxg5 hxg5 21. c4 dxc3
22. Qxc3 Nb5 23. Qc1 Nd4 24. Qd1 f5 25. Kf1 O-O-O 26. Qa4 f4 27. Qxa7 fxg3 28.
Rxg3 Rh1+ 29. Rg1 Rxg1+ 30. Kxg1 Nxe2+ 31. Kf1 Qxf3 0-1

[Event "AUTO-ADV-29"]
[Site "http://www.queenalice.com/game.php?id=7149"]
[Date "2005.3.18"]
[Round "1"]
[White "Fischead"]
[Black "larxs"]
[Result "1-0"]
[WhiteElo "1829"]
[BlackElo "1458"]

1. e4 c5 2. Nc3 d6 3. f4 Nc6 4. Nf3 Bg4 5. Bc4 Nf6 6. O-O g6 7. h3 Bxf3 8. Qxf3
Bg7 9. d3 O-O 10. g4 Nd4 11. Qg2 a6 12. g5 Nh5 13. f5 b5 14. Bd5 Rb8 15. Nd1 Qc7
16. c3 Nc6 17. Nf2 Ne5 18. Ng4 Qd8 19. f6 exf6 20. gxf6 Nxf6 21. Bg5 Nexg4 22.
hxg4 h6 23. Bxf6 Bxf6 24. Qf3 1-0

[Event "AUTO-ADV-29"]
[Site "http://www.queenalice.com/game.php?id=7150"]
[Date "2005.3.18"]
[Round "1"]
[White "larxs"]
[Black "Fischead"]
[Result "0-1"]
[WhiteElo "1762"]
[BlackElo "1809"]

1. d4 c6 2. c4 d5 3. Nc3 Nf6 4. Bg5 e6 5. Nf3 dxc4 6. e4 b5 7. e5 h6 8. exf6
hxg5 9. fxg7 Bxg7 10. a4 b4 11. Ne4 g4 12. Ne5 f5 13. Ng3 Bxe5 14. dxe5 Qd5 15.
Qe2 Ba6 16. Qe3 Nd7 17. Rd1 Qxe5 18. b3 Qxe3+ 19. fxe3 Ke7 20. Bxc4 Bxc4 21.
bxc4 a5 22. Kf2 Nc5 23. Rd2 Nxa4 24. Rhd1 Nc5 25. Nf1 Ne4+ 26. Ke2 Nc3+ 0-1

[Event "Challenge"]
[Site "http://www.queenalice.com/game.php?id=7945"]
[Date "2005.3.26"]
[Round "-"]
[White "SengTeoh"]
[Black "Fischead"]
[Result "1-0"]
[WhiteElo "2132"]
[BlackElo "1852"]

1. e4 c6 2. d4 d5 3. e5 Bf5 4. Nf3 e6 5. Be2 c5 6. O-O Nc6 7. c3 Bg4 8. Nbd2
cxd4 9. cxd4 Nge7 10. h3 Bxf3 11. Nxf3 Nf5 12. Bd3 Nfxd4 13. Nxd4 Nxd4 14. Be3
Nc6 15. Rc1 a6 16. Qa4 Qd7 17. Bb5 Rc8 18. Bxc6 Rxc6 19. Rxc6 Qxc6 20. Qd4 Be7
21. Rc1 Qd7 22. Qg4 g6 23. Bh6 Bf8 24. Bg5 Bg7 25. Qb4 1-0

[Event "Challenge"]
[Site "http://www.queenalice.com/game.php?id=9362"]
[Date "2005.4.10"]
[Round "-"]
[White "rose"]
[Black "Fischead"]
[Result "0-1"]
[WhiteElo "906"]
[BlackElo "1776"]

1. b4 e6 2. a3 Nf6 3. d4 b6 4. Qd3 Bb7 5. Nf3 d6 6. Bg5 Be7 7. g4 Nxg4 8. Bxe7
Qxe7 9. h4 e5 10. dxe5 Nxe5 11. Qf5 Nxf3+ 12. Qxf3 Bxf3 13. Bg2 Qxe2# 0-1

[Event "Challenge"]
[Site "http://www.queenalice.com/game.php?id=11881"]
[Date "2005.5.3"]
[Round "-"]
[White "Fischead"]
[Black "jimwilson"]
[Result "1-0"]
[WhiteElo "1831"]
[BlackElo "1855"]

1. e4 d5 2. exd5 Nf6 3. Be2 e6 4. dxe6 Bxe6 5. Nf3 Nc6 6. c3 Bd6 7. d4 Bf5 8.
Qb3 Be4 9. Ng5 Qe7 10. Nxe4 Qxe4 11. Nd2 Qxg2 12. Bf3 Qh3 13. Qxb7 Qe6+ 14. Kd1
O-O 15. Re1 Qh3 16. Qxc6 Qxh2 17. Ne4 Nxe4 18. Qxe4 Qh3 19. Rh1 Bh2 20. Bf4 Rfe8
21. Qd3 g6 22. Kc2 1-0

[Event "QA-ANNIV-01"]
[Site "http://www.queenalice.com/game.php?id=15352"]
[Date "2005.6.4"]
[Round "1"]
[White "Fischead"]
[Black "Catalin"]
[Result "1-0"]
[WhiteElo "1784"]
[BlackElo "1809"]

1. e4 e5 2. Nf3 Nc6 3. Bb5 f6 4. d4 exd4 5. Nxd4 Bc5 6. Qh5+ g6 7. Qxc5 Nxd4 8.
Qxd4 c6 9. Bc4 b5 10. Bd3 Qe7 11. Bf4 Bb7 12. Bd6 Qe6 13. a4 a6 14. O-O Nh6 15.
axb5 cxb5 16. Qb6 Bc6 17. Rxa6 Rxa6 18. Qb8+ Kf7 19. Qxh8 1-0

[Event "Challenge"]
[Site "http://www.queenalice.com/game.php?id=15950"]
[Date "2005.6.11"]
[Round "-"]
[White "CarlosBianchi"]
[Black "Fischead"]
[Result "0-1"]
[WhiteElo "1863"]
[BlackElo "1878"]

1. d4 d5 2. e3 Nf6 3. Nf3 c5 4. dxc5 e6 5. Qd4 Nc6 6. Bb5 Nd7 7. Bxc6 bxc6 8.
Nbd2 e5 9. Nxe5 Bxc5 10. Qf4 Nxe5 11. Qxe5+ Kf8 12. O-O Bd6 13. Qh5 Qf6 14. c4
Qg6 0-1

[Event "Challenge"]
[Site "http://www.queenalice.com/game.php?id=16892"]
[Date "2005.6.21"]
[Round "-"]
[White "Fischead"]
[Black "alexsoncini"]
[Result "1-0"]
[WhiteElo "1862"]
[BlackElo "1850"]

1. e4 e6 2. b3 d5 3. Bb2 c5 4. Nf3 Nc6 5. Bb5 Bd7 6. exd5 exd5 7. Bxc6 Bxc6 8.
O-O Nf6 9. Re1+ Kd7 10. Ne5+ Kc7 11. Nxf7 Qd7 12. Be5+ Kb6 13. Nxh8 d4 14. a4
Bd6 15. Na3 Bxe5 16. Nc4+ Kc7 17. Nxe5 Qd5 18. Nxc6 Kxc6 19. Nf7 Qxf7 20. Qf3+
Qd5 21. Re6+ Kd7 22. Rxf6 1-0

[Event "Challenge"]
[Site "http://www.queenalice.com/game.php?id=17625"]
[Date "2005.6.28"]
[Round "-"]
[White "catalan"]
[Black "Fischead"]
[Result "0-1"]
[WhiteElo "1501"]
[BlackElo "1858"]

1. e4 e6 2. Nf3 c5 3. Bb5 a6 4. Be2 Nc6 5. c3 d5 6. exd5 exd5 7. d4 Nf6 8. Bg5
Qb6 9. Bxf6 Qxb2 10. Bxg7 Bxg7 11. Nbd2 Bf5 12. O-O Qxc3 13. Rc1 Qa3 14. Re1 O-O
0-1

[Event "Challenge"]
[Site "http://www.queenalice.com/game.php?id=17626"]
[Date "2005.6.28"]
[Round "-"]
[White "Fischead"]
[Black "catalan"]
[Result "1-0"]
[WhiteElo "1860"]
[BlackElo "1501"]

1. e4 e5 2. Nc3 Nc6 3. g3 Bb4 4. Bg2 Nf6 5. Nge2 d6 6. h3 Be6 7. O-O g5 8. d4
exd4 9. Nxd4 Nxd4 10. Qxd4 Bc5 11. Qa4+ Bd7 12. Qb3 Bb6 13. Bxg5 Qe7 14. Nd5 1-0

[Event "AUTO-ADV-29"]
[Site "http://www.queenalice.com/game.php?id=24430"]
[Date "2005.8.17"]
[Round "2"]
[White "Fischead"]
[Black "ayrton"]
[Result "1-0"]
[WhiteElo "1923"]
[BlackElo "1721"]

1. e4 e5 2. Nc3 Nf6 3. g3 c6 4. Bg2 Bb4 5. Nge2 b5 6. O-O Ba6 7. a3 Bxc3 8. bxc3
d6 9. d3 Nbd7 10. h3 c5 11. f4 O-O 12. Be3 Qc7 13. Qe1 Bb7 14. g4 c4 15. g5 Ne8
16. f5 f6 17. g6 h6 18. d4 Qa5 19. a4 Nc7 20. Qh4 Rfe8 21. axb5 Qxb5 22. Rfb1
Qc6 23. d5 Nxd5 24. exd5 Qc8 25. Rb4 Ba6 26. Ng3 Re7 27. Ne4 Kf8 28. Nxd6 Qc7
29. Ne4 Qc8 30. d6 Nb8 31. dxe7+ Kxe7 32. Nxf6 Nc6 33. Bc5+ Kd8 34. Rd1+ Kc7 35.
Bd6+ Kd8 36. Bb8+ 1-0

[Event "AUTO-ADV-29"]
[Site "http://www.queenalice.com/game.php?id=24431"]
[Date "2005.8.17"]
[Round "2"]
[White "ayrton"]
[Black "Fischead"]
[Result "0-1"]
[WhiteElo "1730"]
[BlackElo "1914"]

1. e4 c6 2. c4 d5 3. Qc2 dxe4 4. Qxe4 Nf6 5. Qf4 g6 6. Nf3 Bg7 7. Be2 O-O 8. O-O
c5 9. Nc3 Nc6 10. b3 e5 11. Nxe5 Nh5 12. Nxc6 Nxf4 13. Nxd8 Nxe2+ 14. Nxe2 Bxa1
15. Nxb7 Bxb7 16. Ba3 Bd4 17. Nxd4 cxd4 18. Bxf8 Kxf8 19. Re1 Re8 20. Rxe8+ Kxe8
21. d3 g5 22. g3 Ke7 23. Kf1 Bf3 24. Ke1 a5 25. Kd2 Ke6 26. a3 Kf5 27. b4 axb4
28. axb4 Kg4 29. b5 h5 30. c5 Kh3 31. c6 Kxh2 32. Ke1 Kg2 33. c7 Bb7 34. Ke2 h4
35. gxh4 gxh4 36. Ke1 h3 37. f3 h2 0-1

[Event "QA-ANNIV-01"]
[Site "http://www.queenalice.com/game.php?id=29012"]
[Date "2005.9.16"]
[Round "2"]
[White "NextFuture"]
[Black "Fischead"]
[Result "0-1"]
[WhiteElo "2010"]
[BlackElo "1893"]

1. d4 Nf6 2. c4 g6 3. Nc3 d5 4. cxd5 Nxd5 5. e4 Nxc3 6. bxc3 Bg7 7. Bc4 c5 8.
Ne2 O-O 9. O-O Nc6 10. Be3 Bd7 11. Rb1 a6 12. dxc5 Na5 13. Bd5 Qc7 14. Rb6 e6
15. Bb3 Rfd8 16. Qc1 Bf8 17. c6 Bxc6 18. Nd4 Qxb6 19. Nxe6 Nxb3 20. axb3 Qxb3
21. Nxf8 Kxf8 22. Bc5+ Kg8 23. Be7 Qe6 0-1

[Event "Challenge"]
[Site "http://www.queenalice.com/game.php?id=32388"]
[Date "2005.10.9"]
[Round "-"]
[White "Fischead"]
[Black "pajabraba69"]
[Result "1-0"]
[WhiteElo "1931"]
[BlackElo "1705"]

1. e4 c5 2. Nc3 e6 3. f4 d6 4. Nf3 Nc6 5. Bc4 g6 6. f5 exf5 7. d3 Nf6 8. Ng5 Be6
9. Bxe6 fxe6 10. Nxe6 Qd7 11. Nd5 Nxd5 12. exd5 Nd4 13. Nxf8 Rxf8 14. Bg5 Kf7
15. O-O Kg8 16. a4 f4 17. c3 Nf5 18. Bxf4 Rae8 19. Qd2 Ne7 20. Bh6 Rxf1+ 21.
Rxf1 Qxa4 22. Qe3 Nxd5 23. Qf3 Qd7 24. Qf8+ Rxf8 25. Rxf8# 1-0